Modern developments in the law of civic procedure / (Record no. 1932)

000 -LEADER
fixed length control field nam a22 a 4500
005 - DATE AND TIME OF LATEST TRANSACTION
control field 20170512122043.0
008 - FIXED-LENGTH DATA ELEMENTS--GENERAL INFORMATION
fixed length control field 170512b1982 xxu||||| |||| 00| 0 eng d
020 ## - INTERNATIONAL STANDARD BOOK NUMBER
International Standard Book Number 0421290005 (pbk)
Terms of availability £4.95
040 ## - CATALOGING SOURCE
Original cataloging agency AKMAL
082 ## - DEWEY DECIMAL CLASSIFICATION NUMBER
Classification number 347.05 CAS
090 ## - LOCALLY ASSIGNED LC-TYPE CALL NUMBER (OCLC); LOCAL CALL NUMBER (RLIN)
Classification number (OCLC) (R) ; Classification number, CALL (RLIN) (NR) 347.05
Local cutter number (OCLC) ; Book number/undivided call number, CALL (RLIN) CAS
100 1# - MAIN ENTRY--PERSONAL NAME
Personal name Casson, D. B
Dates associated with a name 1936
Fuller form of name (David Bernard),
9 (RLIN) 4007
245 10 - TITLE STATEMENT
Title Modern developments in the law of civic procedure /
Statement of responsibility, etc. by D.B. Casson and I.H. Dennis.
260 ## - PUBLICATION, DISTRIBUTION, ETC.
Place of publication, distribution, etc. London
Name of publisher, distributor, etc. Sweet & Maxwell,
Date of publication, distribution, etc. 1982.
300 ## - PHYSICAL DESCRIPTION
Extent xxv,112p. ;
Dimensions 22cm
500 ## - GENERAL NOTE
General note Includes index.
610 14 - SUBJECT ADDED ENTRY--CORPORATE NAME
Corporate name or jurisdiction name as entry element Great Britain.
Subordinate unit High Court of Justice.
9 (RLIN) 4008
650 #0 - SUBJECT ADDED ENTRY--TOPICAL TERM
Topical term or geographic name entry element Civil procedure
Geographic subdivision England.
9 (RLIN) 4009
700 1# - ADDED ENTRY--PERSONAL NAME
Personal name Dennis, I. H.,
Dates associated with a name 1948-
9 (RLIN) 4010
852 41 - LOCATION
Location British Library
Sublocation or collection HMNTS
942 ## - ADDED ENTRY ELEMENTS (KOHA)
Source of classification or shelving scheme
Koha item type Book
Holdings
Withdrawn status Lost status Source of classification or shelving scheme Damaged status Not for loan Collection code Home library Current library Shelving location Date acquired Inventory number Total Checkouts Full call number Barcode Date last seen Price effective from Koha item type
          NON-FICTION AKMAL Melaka AKMAL Melaka PINJAMAN 12.05.2017 300851   347.05 CAS 201705996 12.05.2017 12.05.2017 Book
Pusat Sumber Maklumat Dato' Haji Sarmin Md Hussin, Akademi Kastam Diraja Malaysia, Melaka
Tel: 06-2331106 | Faks: 06-2313787